000 00830nab a2200241u 4500
001 21271
003 HDC
007 c| |||a|c|aaaa
008 210305b20091201my ||||o |||| 00| 0 eng d
040 _aHDC
100 _aCarly Nairn /
_eauthor
_918859
245 0 _aCentralia shop in US specializes in processing Islamic food /
_cCarly Nairn
336 _atext
_2rdacontent
337 _acomputer
_2rdamedia
338 _aonline resource
_2rdacarrier
650 _aCentralia meat processing
_918860
650 _aIslamic religious standards
_918861
710 _aThe Chronicle (Centralia)
856 _zRequest full-text at [email protected]
942 _2lcc
942 _cNEWS
942 _kNWS0 004918
999 _c18587
_d18587